ANATOMY OF CENTRAL NERVOUS SYSTEM (Record no. 276470)

MARC details
000 -LEADER
fixed length control field 00380pam a2200145a 44500
008 - FIXED-LENGTH DATA ELEMENTS--GENERAL INFORMATION
fixed length control field 230405s xxu||||| |||| 00| 0 eng d
041 ## - LANGUAGE CODE
Language code of text/sound track or separate title ENG
100 ## - MAIN ENTRY--PERSONAL NAME
Personal name PODDAR S / BHAGATE AJAY
245 ## - TITLE STATEMENT
Title ANATOMY OF CENTRAL NERVOUS SYSTEM
250 ## - EDITION STATEMENT
Edition statement 8 2004
260 ## - PUBLICATION, DISTRIBUTION, ETC.
Place of publication, distribution, etc. CALCUTTA
Name of publisher, distributor, etc. SCIENTIFIC BOOK AGENCYPUBLICATION CALCUTTA
Date of publication, distribution, etc.
300 ## - PHYSICAL DESCRIPTION
Extent 248
650 ## - SUBJECT ADDED ENTRY--TOPICAL TERM
Topical term or geographic name entry element PHARMACOLOGY
906 ## - LOCAL DATA ELEMENT F, LDF (RLIN)
a 1199

No items available.